[Event "Cup European Club (final)"]
[Site "masterchessopen.com Saint Vincent (Italy)"]
[Date "2005.09.23"]
[Round "6"]
[White "Socko Bartosz (POL)"]
[Black "Kiriakov Petr (RUS)"]
[Result "1-0"]
[WhiteElo "2610"]
[BlackElo "2569"]

{ Kiriakov Petr (RUS) +7 =11 -2 } 1.e4 e6 2.d4 d5 3.Nd2 a6 4.Ngf3 c5 5.exd5
exd5 6.dxc5 Bxc5 7.Nb3 Bb6 8.Bg5 { ?/= } 8...Nf6 9.Qe2+ ( 9.Qd2 Qe7+ 10.Qe2
Be6 11.O-O-O h6 12.Be3 Qc7 13.Nfd4 O-O 14.f3 a5 15.Nb5 Qd8 16.Nc5 Nbd7 17.Nxb7
Qb8 18.Bxb6 Nxb6 19.Nc5 Bf5 20.Qe3 Rc8 21.Rd2 Bg6 22.Qa3 Qf4 23.Nd4 Qd6 24.Nb7
Qe5 25.Nd6 Rd8 26.N6b5 Rd7 27.Re2 Qb8 28.g3 Qb7 29.Bh3 Nc4 30.Qc3 Re7 31.Rxe7
Qxe7 32.Re1 Qf8 33.b3 Na3 34.Qc6 Nxb5 35.Nxb5 Rb8 36.a4 Qb4 37.Re5 Kh7 38.Qc7
Rxb5 39.axb5 Qxb5 40.Qc3 Qb6 41.Bf5 Bxf5 42.Rxf5 Qg1+ 43.Kb2 Qxh2 44.g4 Qd6
45.Qe5 Qd8 46.Rf4 Kg8 47.Ra4 Ne8 48.Qc3 Nc7 { ...1-0, Jaracz Pawel 2546 -
Gurevich Mikhail 2634 , Metz 2002 It (open) } ) ( 9.Be2 Bxf2+ 10.Kxf2 Ne4+
11.Kf1 Nxg5 12.Nxg5 Qxg5 13.Bf3 Be6 14.Kf2 Nd7 15.Re1 O-O 16.Nd4 Ne5 17.Kg1
Rfe8 18.c3 Rad8 19.Qb3 Nd3 20.h4 Qxh4 21.Rf1 Qg5 22.Qxb7 Bc8 23.Qc7 Rd7 24.Qc6
Qe3+ 25.Kh1 Ne5 26.Qa4 Qh6+ 27.Kg1 Qe3+ 28.Kh1 Qh6+ 29.Kg1 Rde7 30.Be2 Qe3+
31.Rf2 Nd3 32.Bxd3 Qxd3 33.Raf1 Qe3 34.Qc6 Qe5 35.Re2 Qxe2 36.Nxe2 Rxe2
37.Qxd5 Be6 38.Qc5 Bc8 39.Qc4 R2e7 40.b4 Bb7 41.a4 Rc8 42.Qd4 h6 43.c4 Rec7
44.Rc1 Bc6 45.Qb6 Bxa4 46.Qxa6 Bb3 47.c5 Bd5 48.b5 Bb7 { ...1-0, Berrocal
Jorge 2290 - Aturupane Harinlal 2310 , Dubai 1986 } ) ( 9.Nfd4 O-O 10.Be2 Nc6
11.O-O h6 12.Bf4 Re8 13.c3 Ne4 14.f3 Nd6 15.Kh1 Qf6 16.Bxd6 Qxd6 17.f4 Bxd4
18.cxd4 Bf5 19.Bf3 Be4 20.Qd2 Bxf3 21.Rxf3 Re4 22.f5 Qf6 23.Rd1 Rae8 24.h3 Re2
25.Qc3 Qg5 26.Rg1 h5 27.Nc1 R2e4 28.Nb3 Re2 29.Nc1 R2e3 30.Qd2 f6 31.Nb3 h4
32.Rf2 R8e4 33.Rgf1 Kh7 34.Nc5 Rxd4 35.Ne6 Rxh3+ 36.gxh3 Qxd2 37.Rxd2 Rxd2
38.Rg1 Nd4 39.Rxg7+ Kh8 40.Rf7 Nf3 41.Rf8+ Kh7 42.Rf7+ Kh6 43.Rxf6+ Kh5
44.Ng7+ Kg5 45.Rg6+ Kf4 { 0-1, Tunik Gennady 2470 - Dreev Alexey 2570 , Gorky
1989 Ch Russia (1/2 final Ch URS) } ) 9...Be6 10.Nbd4 { N } ( 10.Nfd4 O-O (
10...Qe7 11.f4 { +0.72 CAP } ( 11.Nxe6 fxe6 12.g3 Qb4+ 13.c3 Qe4 14.f3 {
1/2-1/2, Popovic Petar 2540 - Karlsson Lars 2520 , Cannes 1986 It (cat.10) } (
14.Bg2 Qxe2+ 15.Kxe2 Nc6 16.Bxf6 gxf6 17.f4 f5 18.Rac1 Na5 19.Nxa5 Bxa5 20.b4
Bb6 21.c4 dxc4 22.Bxb7 Ra7 23.Bc6+ Ke7 24.Rxc4 Rc7 25.a4 Rhc8 26.Rhc1 Kd6
27.b5 axb5 28.axb5 Ra7 29.R4c2 Ke7 30.Kf1 Ra5 31.Kg2 Rc7 32.Kh3 Kf6 33.Kh4 Re7
34.Re1 Raa7 35.Kh5 e5 36.fxe5+ Rxe5 37.Rxe5 Kxe5 38.Re2+ Kf6 39.Kh6 Bc5 40.Bd5
Bf8+ 41.Kh5 Rd7 42.Bc6 Rg7 43.Bd5 Rg5+ 44.Kh4 Rg4+ 45.Kh3 Rd4 46.Re6+ Kg5
47.Bf3 Rd6 48.Re8 Bg7 49.Re7 Kg6 { ...1/2-1/2, Sermek Drazen 2550 - Dizdar
Goran 2570 , Porec 1998 Ch Croatia (team) (1st league) } ) ) ) 11.Nxe6 fxe6
12.Qxe6+ Kh8 13.O-O-O Nc6 14.Bd3 Qc7 15.f3 a5 16.Bxf6 a4 17.Bc3 axb3 18.Qh6
Be3+ 19.Qxe3 bxa2 20.Kd2 Qd6 21.Qb6 Qf4+ 22.Qe3 Qd6 23.Qb6 Qf4+ 24.Ke2 Rae8+
25.Kf1 d4 26.Be1 Qe3 27.Bf2 Rxf3 { 0-1, Sermek Drazen 2577 - Kovacevic Vlatko
2498 , Solin/Split 2002 It (active) } ) 10...Qe7 11.O-O-O Nc6 12.Nxc6 bxc6
13.Nd4 Bxd4 14.Rxd4 h6 15.Bh4 g5 16.Bg3 Ne4 17.f3 Nxg3 18.hxg3 Qf6 19.Ra4 O-O
20.Qe3 Kg7 21.g4 Rfe8 22.Qc5 Bd7 23.Bd3 Re5 24.Rd1 a5 25.a3 Qd8 26.Kb1 Qc7
27.Bf1 { ?! } ( 27.f4 gxf4 28.Rxf4 Rb8 29.Qc3 { } ) 27...Be8 28.Rad4 { ?! } (
28.Bd3 Bd7 29.Rh1 f6 30.f4 { } ) 28...Qb7 { ?! } ( 28...f6 29.g3 Qa7 30.Qc3
Rb8 { } ) 29.f4 { ?! } ( 29.Ra4 Qc7 30.Bd3 Bd7 31.Rh1 { } ) 29...Qe7 { ?! } (
29...gxf4 30.Qc3 f6 31.Rxf4 Bg6 { } ) 30.Qc3 gxf4 31.Rxf4 f6 32.Bd3 c5 33.Rdf1
Re6 34.Rf5 d4 35.Qxc5 Re1+ 36.Rxe1 Qxe1+ 37.Ka2 Bf7+ 38.Bc4 Rf8 39.Bxf7 Rxf7
40.Qxd4 Qe2 41.Rxa5 Qxc2 42.g5 Qxg2 43.gxf6+ Rxf6 44.Ra7+ Kg6 45.Qd3+ Kh5
46.Ra5+ Kg4 47.Qd4+ Rf4 48.Qd7+ Kg3 49.Rc5 Qa8 50.Qg7+ Kf2 51.Qxh6 Qg8+ 52.Kb1
Re4 53.Qh2+ Kf3 54.Rc3+ { +156.50 CAP } {#r} 1-0

[Event "Cup Germany"]
[Site "masterchessopen.com Dusseldorf (Germany)"]
[Round "6"]
[White "Naiditsch Arkadij (GER)"]
[Black "Wyrwich Thomas (GER)"]
[Result "1-0"]
[WhiteElo "2175"]
[BlackElo "2252"]

1.e4 e6 2.d4 d5 3.Nd2 a6 4.Ngf3 c5 5.exd5 exd5 6.Be2 Nc6 7.O-O Bd6 8.Re1 Nge7
9.dxc5 Bxc5 10.Nb3 Ba7 11.c3 O-O 12.Bd3 Qd6 13.Be3 Bxe3 14.Rxe3 Bf5 15.Bxf5
Nxf5 16.Rd3 Rad8 17.Qd2 Rd7 18.Rd1 Rfd8 19.Qg5 Nfe7 20.Nbd4 h6 21.Qc1 Ng6
22.g3 Qf6 23.Kg2 Na5 24.b3 Qb6 25.Nf5 Qf6 26.Ne3 Ne5 27.Nxe5 Qxe5 28.Qd2 Nc6
29.Nxd5 Kh8 30.c4 b5 31.Qf4 bxc4 32.bxc4 Qh5 33.Re1 Qg5 34.Qxg5 hxg5 35.Ra3 a5
36.Rb1 f6 37.Ne3 Rc8 38.Rb5 Rd2 39.Rc5 Rdd8 40.f4 gxf4 41.gxf4 Kg8 42.Nd5 Kf8
43.Rh3 Ne7 44.Rh8+ Ng8 45.Rxc8 Rxc8 46.Rxg8+ {#r} 1-0

[Event "Cup Governor's"]
[Site "masterchessopen.com Khanty Mansyisk (Russia)"]
[Date "2007.11.28"]
[Round "7"]
[White "Potapov Pavel (RUS)"]
[Black "Temirbaev Serik (KAZ)"]
[Result "1-0"]
[WhiteElo "2379"]
[BlackElo "2484"]

1.e4 e6 2.d4 d5 3.Nd2 a6 4.Ngf3 c5 5.exd5 exd5 6.Be2 Nf6 7.O-O Be7 8.dxc5 Bxc5
9.Nb3 Bb6 10.Nbd4 O-O 11.c3 Nc6 12.Be3 Bc7 13.Qc1 Re8 14.Bd3 Qd6 15.g3 Qd8
16.Bf4 Bb6 17.Qc2 Bg4 18.Nxc6 bxc6 19.Ne5 Bh3 20.Rfe1 Re6 21.Re2 h6 22.Rae1 a5
23.Bf5 Bxf5 24.Qxf5 Qe8 25.Kf1 Nh7 26.Ng6 Nf8 27.Nxf8 Qxf8 28.Rxe6 fxe6
29.Qxe6+ Kh8 30.Qxc6 Ba7 31.Qxd5 a4 32.Kg2 Rd8 33.Qa5 Ra8 34.Qh5 Rc8 {#r} 1-0

[Event "Cup Russia \"]
[Site "masterchessopen.com Internet"]
[Date "2004.09.30"]
[Round "0"]
[White "Chebotarev Oleg (RUS)"]
[Black "Kotov Maksim (RUS)"]
[Result "1-0"]
[WhiteElo "2486"]
[BlackElo "2334"]

1.e4 e6 2.d4 d5 3.Nd2 c5 4.Ngf3 a6 5.exd5 exd5 6.dxc5 Bxc5 7.Nb3 Bb6 8.Be2 Nf6
9.O-O O-O 10.Bg5 Nc6 11.c3 Re8 12.Nbd4 h6 13.Bh4 g5 14.Bg3 Ne4 15.Bd3 f5 16.h3
Qf6 17.Bh2 f4 18.Qb3 Nxd4 19.cxd4 Qd6 20.Rfe1 Bf5 21.h4 g4 22.Bxe4 Bxe4 23.Ne5
Bxd4 24.Rxe4 Bxe5 25.Rd1 Rad8 26.Rde1 b5 27.Bxf4 Bxf4 28.Rxe8+ Rxe8 29.Rxe8+
Kf7 30.Re1 g3 31.fxg3 Bxg3 32.Qf3+ Kg7 33.Rf1 Qc5+ 34.Kh1 Qc7 35.Qg4+ Kh7
36.h5 Be5 37.Qg6+ Kh8 38.Rf8# 1-0

[Event "Cup Slovakia"]
[Site "masterchessopen.com Martin (Slovakia)"]
[Round "7"]
[White "Ciganikova Andrea (SVK)"]
[Black "Tibensky Robert (SVK)"]
[Result "0-1"]
[WhiteElo "2184"]
[BlackElo "2442"]

1.e4 e6 2.d4 d5 3.Nd2 a6 4.Ngf3 c5 5.exd5 exd5 6.Be2 Nf6 7.O-O Bd6 8.dxc5 Bxc5
9.Nb3 Bb6 10.Bg5 O-O 11.Nbd4 h6 12.Bh4 Nc6 13.c3 Re8 14.Re1 g5 15.Bg3 Ne4
16.Bd3 f5 17.Nxc6 bxc6 18.Ne5 Qf6 19.Bxe4 fxe4 20.Ng4 Qg6 21.Ne5 Qf6 22.Ng4
Qg7 23.Ne3 Be6 24.Nc2 a5 25.Kh1 Bf7 26.Nd4 Qf6 27.f3 Bh5 28.Rf1 Rf8 29.Qb3
Bxd4 30.cxd4 exf3 31.Be5 fxg2+ 32.Kxg2 Qg6 33.Rae1 Bg4 34.Qb7 Rac8 35.Rxf8+
Rxf8 36.Kg1 Bh3 37.Rc1 h5 38.Qc7 h4 39.Rd1 g4 40.Qxa5 Qc2 {#R} 0-1

[Event "Cup Tenkes (open)"]
[Site "masterchessopen.com Harkany (Hungary)"]
[Date "2001.11.19"]
[Round "1"]
[White "Chernyshov Konstantin (RUS)"]
[Black "Dusper Hrvoje (CRO)"]
[Result "1-0"]
[WhiteElo "2557"]
[BlackElo "2184"]

1.e4 e6 2.d4 d5 3.Nd2 a6 4.Ngf3 c5 5.exd5 exd5 6.dxc5 Bxc5 7.Nb3 Ba7 8.Bg5 f6
9.Qe2+ Ne7 10.Be3 O-O 11.O-O-O Nbc6 12.Bxa7 Rxa7 13.Nfd4 Qd6 14.g3 Ne5 15.f4
Nc4 16.Bg2 b5 17.Rhe1 Kh8 18.Ne6 Re8 19.Qh5 g6 20.Qh4 Ng8 21.Bxd5 Qb6 22.Ned4
Rae7 23.Rxe7 Rxe7 24.Bxg8 Kxg8 25.Kb1 Ne3 26.Rc1 a5 27.c3 a4 28.Nd2 Nf5 29.Qg4
Rc7 30.Qe2 Nxd4 31.Qe8+ Kg7 32.cxd4 Bf5+ 33.Ne4 Rxc1+ 34.Kxc1 Qxd4 35.Qe7+
{#r} 1-0

[Event "Cup URS (team)"]
[Site "masterchessopen.com Kislovodsk (Russia)"]
[Round "0"]
[White "Dvoirys Semen I (RUS)"]
[Black "Vaisser Anatoly (FRA)"]
[Result "1-0"]
[WhiteElo "2470"]
[BlackElo "2490"]

1.e4 e6 2.d4 d5 3.Nd2 a6 4.Ngf3 c5 5.exd5 exd5 6.Be2 Nf6 7.O-O cxd4 8.Re1 Be7
9.Nxd4 O-O 10.Bf3 h6 11.Nf1 Nc6 12.Ne3 Nxd4 13.Qxd4 Be6 14.Bd2 Ne4 15.Nxd5
Bxd5 16.Bxe4 Bxe4 17.Rxe4 Bf6 18.Qe3 Bxb2 19.Rb1 Bf6 20.Rxb7 Qd5 21.Rb3 Rfd8
22.Be1 Qd1 23.Qe2 Qa1 24.c4 Rd1 25.g3 a5 26.Rb7 Rf8 27.Kg2 a4 28.Ra7 Rb1
29.Re8 Rb8 30.Rxf8+ Kxf8 31.Rxa4 Qb1 32.a3 {#r} 1-0

[Event "Czech League 1994/95 (1st)"]
[Site "masterchessopen.com Czech Republic"]
[Round "9"]
[White "Vozka Pavel (CZE)"]
[Black "Nemec Zbynek (CZE)"]
[Result "1-0"]
[WhiteElo "2270"]
[BlackElo "2196"]

1.e4 e6 2.d4 d5 3.Nd2 c5 4.Ngf3 a6 5.exd5 exd5 6.Be2 Nc6 7.O-O Nf6 8.Re1 Be6
9.c4 cxd4 10.Nb3 Bb4 11.Bd2 Bxd2 12.Qxd2 O-O 13.c5 Qc7 14.Nfxd4 Ne4 15.Qe3
Nxd4 16.Qxd4 Rfe8 17.Rac1 Qd7 18.Bd3 Bf5 19.Re3 Nf6 20.Rce1 Bxd3 21.Qxd3 Rxe3
22.Rxe3 Re8 23.h3 Kf8 24.Nd4 Re4 25.f3 Rxe3 26.Qxe3 g6 27.b4 Qc7 28.Qe6 Kg7
29.Qe3 h6 30.Ne2 Nd7 31.Nf4 Nf6 32.Qd4 Qd7 33.a4 Qf5 34.Kh2 Kh7 35.b5 axb5
36.axb5 g5 37.Nd3 {#r} 1-0

[Event "Dos Hermanas Qualifier (15-A)"]
[Site "masterchessopen.com Internet"]
[Date "2003.03.15"]
[Round "8"]
[White "Podobnik Marijan (CRO)"]
[Black "Heimsoth Holger (GER)"]
[Result "0-1"]
[WhiteElo "2245"]
[BlackElo "2214"]

1.e4 e6 2.d4 d5 3.Nd2 a6 4.Ngf3 c5 5.exd5 exd5 6.dxc5 Bxc5 7.Bd3 Ne7 8.O-O
Nbc6 9.Nb3 Bb6 10.h3 Qd6 11.Bg5 f6 12.Bh4 g5 13.Bg3 Qxg3 14.Nfd4 Qh4 15.Nxc6
bxc6 16.Qe2 Ra7 17.Rae1 O-O 18.Qxe7 Rxe7 19.Rxe7 f5 {#R} 0-1

[Event "Extra League 2001/02"]
[Site "masterchessopen.com Slovakia"]
[Round "8"]
[White "Zambor Norbert (SVK)"]
[Black "Huba Martin Sr (SVK)"]
[Result "1-0"]
[WhiteElo "2308"]
[BlackElo "2192"]

1.e4 e6 2.d4 d5 3.Nd2 a6 4.Ngf3 c5 5.exd5 exd5 6.Be2 Nf6 7.dxc5 Bxc5 8.Nb3 Bb6
9.O-O O-O 10.Bg5 Nc6 11.Nfd4 Qd6 12.Bh4 Ne4 13.Bg3 Nxg3 14.hxg3 Bd7 15.Bf3
Rfe8 16.Qd2 Ne5 17.Qf4 Nxf3+ 18.Qxf3 Re4 19.c3 Rae8 20.Qd3 R4e5 21.Qd2 a5
22.Rad1 a4 23.Nc1 Re4 24.a3 Qe7 25.Nf3 Bc6 26.Rfe1 h6 27.Nd3 Qc7 28.Nf4 Rxe1+
29.Nxe1 Rd8 30.Nf3 g5 31.Nh5 Qd6 32.Nd4 Qg6 33.g4 Bd7 34.Qd3 Kf8 35.Qf3 Bxd4
36.Rxd4 Bc6 37.c4 Re8 38.cxd5 Re1+ 39.Kh2 Qd6+ 40.Qg3 Qxg3+ 41.Kxg3 Bb5 42.Rb4
Ba6 43.Rxa4 Rd1 44.Nf6 Kg7 45.Ne8+ Kf8 46.Nc7 Bf1 47.Rb4 Rd3+ 48.Kh2 Rd2
49.Rxb7 {#r} 1-0

[Event "Extraliga 2009/10"]
[Site "masterchessopen.com Slovakia"]
[Date "2009.10.24"]
[Round "1"]
[White "Meszaros Michal (SVK)"]
[Black "Hlas Jan (SVK)"]
[Result "1-0"]
[WhiteElo "2416"]
[BlackElo "2255"]

1.e4 e6 2.d4 d5 3.Nd2 c5 4.exd5 exd5 5.Ngf3 a6 6.Bd3 c4 7.Be2 b5 8.O-O Bd6
9.c3 Ne7 10.Ne5 f6 11.Ng4 O-O 12.Ne3 Nbc6 13.Bf3 Be6 14.Re1 Bf7 15.Ndf1 f5
16.g3 g5 17.Ng2 g4 18.Be2 Ng6 19.Bh6 Re8 20.Qd2 Qd7 21.Nf4 Bxf4 22.Bxf4 Re6
23.Bg5 Rae8 24.Ne3 Rd6 25.Qc2 Be6 26.Ng2 Nd8 27.Qd2 Bf7 28.Nf4 Nxf4 29.Bxf4
Rde6 30.Bf1 Qe7 31.Re5 Rxe5 32.Bxe5 Ne6 33.Bf4 Ng7 34.Be5 Ne6 35.Bf4 Ng7
36.Rd1 h5 37.Be5 Qe6 38.Bg2 Qg6 39.Re1 h4 40.Bxg7 Rxe1+ 41.Qxe1 Qxg7 42.Qe3 h3
43.Bf1 Qf6 44.f3 Kg7 45.Kf2 Kg6 46.Be2 Qg5 47.f4 Qf6 48.Bd1 Qe6 49.Qe5 a5
50.Ke3 Bg8 51.Bc2 Bf7 52.Kd2 Bg8 53.Qc7 b4 54.Qxa5 b3 55.axb3 cxb3 56.Bd3 {#r}
1-0

[Event "Extraliga 2009/10"]
[Site "masterchessopen.com Slovakia"]
[Date "2010.01.23"]
[Round "5"]
[White "Salai Ladislav (SVK)"]
[Black "Michalik Peter (SVK)"]
[Result "1-0"]
[WhiteElo "2364"]
[BlackElo "2455"]

1.e4 e6 2.d4 d5 3.Nd2 a6 4.Ngf3 c5 5.exd5 exd5 6.Be2 Nc6 7.O-O cxd4 8.Nb3 Nf6
9.Nbxd4 Be7 10.Bg5 O-O 11.c3 h6 12.Bh4 g5 13.Bg3 Ne4 14.Nxc6 bxc6 15.Be5 c5
16.Nd2 f6 17.Nxe4 fxe5 18.Ng3 c4 19.Bg4 Bc5 20.Kh1 Bb7 21.Qe2 Qf6 22.Ne4 dxe4
23.Qxc4+ Kg7 24.Qxc5 Kg6 25.Rad1 Rad8 26.Qe3 h5 27.Be2 h4 28.h3 Rde8 29.Kg1
Qe6 30.Rd2 Rf6 31.b3 Qc6 32.Rfd1 Ref8 33.Bg4 a5 34.c4 a4 35.Rd5 Qb6 36.Qxb6
Rxb6 37.Rd6+ Rf6 38.c5 Rbxd6 39.cxd6 Rf8 40.bxa4 Kf6 41.d7 Ke7 42.Rc1 Rd8
43.Rc8 Ba6 44.Rc6 {#r} 1-0

[Event "It"]
[Site "masterchessopen.com Skopje (Macedonia)"]
[Round "0"]
[White "Matulovic Milan (SRB)"]
[Black "Minic Dragoljub (CRO)"]
[Result "1-0"]
[WhiteElo "2394"]
[BlackElo "2355"]

1.e4 e6 2.d4 d5 3.Nd2 c5 4.exd5 exd5 5.Ngf3 a6 6.b3 Nc6 7.Bb2 Nf6 8.Bd3 Be7
9.dxc5 O-O 10.O-O Bxc5 11.Ng5 g6 12.c4 Bd4 13.Bxd4 Nxd4 14.cxd5 Nxd5 15.Nde4
Nf4 16.Bc4 b5 17.Bd5 Ra7 18.Re1 Qb6 19.Rc1 Rd7 20.Bxf7+ Kg7 21.Qg4 Nde2+
22.Kh1 Rd1 23.Qh4 Rxe1+ 24.Rxe1 h6 25.Rxe2 Nxe2 26.Ne6+ {#r} 1-0

[Event "It"]
[Site "masterchessopen.com Skopje (Macedonia)"]
[Round "0"]
[White "Karpov Anatoly (RUS)"]
[Black "Vaganian Rafael A (ARM)"]
[Result "1-0"]
[WhiteElo "2695"]
[BlackElo "2550"]

1.e4 e6 2.d4 d5 3.Nd2 c5 4.exd5 exd5 5.Ngf3 a6 6.dxc5 Bxc5 7.Nb3 Bb6 8.Bd3 Ne7
9.O-O Nbc6 10.Re1 Bg4 11.c3 h6 12.h3 Bh5 13.Be3 O-O 14.Bxb6 Qxb6 15.Qe2 Rfd8
16.Rad1 a5 17.Bb1 { ! } 17...Bxf3 18.Qxf3 a4 19.Nd4 Qxb2 ( 19...Nxd4 20.Rxd4
Qxb2 21.Rb4 ) 20.Nxc6 Nxc6 21.Qf5 g6 22.Qf6 Rd7 ( 22...Re8 23.Bxg6 fxg6
24.Qxg6+ Kf8 25.Qxh6+ Kg8 26.Re6 ) 23.Bf5 { ! } 23...Re7 ( 23...gxf5 24.Rd3 f4
25.Qxf4 Qc2 26.Rg3+ Kh7 27.Qf6 Rg8 28.Rxg8 { +?? } ) 24.Rxe7 ( 24.Bxg6 fxg6
25.Rxe7 Nxe7 26.Qxe7 { ± } ) 24...Nxe7 25.Bd3 Nf5 { ? } 26.Bxf5 gxf5 27.Re1 {
! } 27...Qxa2 28.Qxh6 ( 28.Re3 { ? } 28...f4 29.Qxf4 Qb1+ 30.Kh2 a3 { ! }
31.Rg3+ Qg6 32.Rxg6+ fxg6 { = } ) 28...a3 29.Qg5+ Kf8 30.Qf6 Kg8 31.Qxf5 Qd2
32.Re7 { ! } 32...Rf8 33.Qg4+ Kh7 34.Re5 Qh6 35.Rh5 Ra8 36.Qf5+ Kg7 37.Rxh6
Kxh6 38.Qf6+ Kh7 39.Qxf7+ Kh8 40.Qxb7 {#r} 1-0

[Event "It"]
[Site "masterchessopen.com Vrnjacka Banja (Serbia)"]
[Round "5"]
[White "Padevsky Nikola (BUL)"]
[Black "Raicevic Vladimir (SRB)"]
[Result "1-0"]
[WhiteElo "2455"]
[BlackElo "2089"]

1.e4 e6 2.d4 d5 3.Nd2 a6 4.Ngf3 c5 5.exd5 exd5 6.dxc5 Bxc5 7.Nb3 Be7 8.Bd3 Nf6
9.h3 O-O 10.c3 Bd6 11.O-O Ne4 12.Nbd4 Re8 13.Re1 Nc6 14.Qc2 f5 15.Be3 Bc7
16.Rad1 Qd6 17.Kf1 h6 18.Nxc6 bxc6 19.c4 Be6 20.cxd5 cxd5 21.Rc1 Ba5 22.Red1
Bd7 23.Bc5 Qe6 24.Bd4 Rec8 25.Qe2 Rcb8 26.Kg1 Be8 27.Qe3 Bh5 28.Be2 Re8 29.Rc2
Qd6 30.Qd3 Bc7 31.Rdc1 Bb8 32.Rc8 Qe7 33.Qb3 Bf7 34.Bxa6 Bf4 35.Rxa8 Rxa8
36.Rc8+ Rxc8 37.Bxc8 Qc7 38.Ba6 Qc1+ 39.Bf1 g5 40.Qb6 Bd6 41.Qd8+ Bf8 42.Ne5
Nd6 43.Qf6 Bh5 44.Ng6 Nf7 45.Ne7+ {#r} 1-0

[Event "It"]
[Site "masterchessopen.com Zemun (Yugoslavia)"]
[Date "1980.06.13"]
[Round "12"]
[White "Popovic Petar (SRB)"]
[Black "Forintos Gyozo V (HUN)"]
[Result "1-0"]
[WhiteElo "2490"]
[BlackElo "2317"]

1.e4 e6 2.d4 d5 3.Nd2 a6 4.Ngf3 c5 5.exd5 exd5 6.dxc5 Bxc5 7.Nb3 Bd6 8.Bg5 Ne7
9.Be2 Nbc6 10.O-O O-O 11.Qd2 Qc7 12.Rad1 Bf5 13.Bh4 Ng6 14.Bg3 Nf4 15.Nfd4 Be4
16.Bf3 Rad8 17.Bxe4 dxe4 18.Nxc6 bxc6 19.Qe3 Rfe8 20.Rxd6 Qxd6 21.Bxf4 Qd5
22.h3 h6 23.Qc5 Qd7 24.Qc4 Kh7 25.Re1 g5 26.Bd2 Qd5 27.Qxa6 Ra8 28.Qe2 Rxa2
29.Bc3 Ra7 30.Rd1 Qe6 31.Qe3 Rd7 32.Rd4 Rd5 33.Rxd5 Qxd5 34.Qd4 Qxd4 35.Nxd4
c5 36.Nf5 Kg6 37.g4 h5 38.Ng7 Rd8 39.Nxh5 Rd1+ 40.Kg2 Rc1 41.Ng3 e3 42.fxe3
Rxc2+ 43.Kg1 c4 44.e4 Rc1+ 45.Kf2 Rd1 46.Nf1 Rd3 47.Ne3 {#r} 1-0

[Event "It"]
[Site "masterchessopen.com Rostock (Germany)"]
[Round "5"]
[White "Warwaszynski Zbigniew (POL)"]
[Black "Steudtmann Christian (GER)"]
[Result "1-0"]
[WhiteElo "2255"]
[BlackElo "2268"]

1.e4 e6 2.d4 d5 3.Nd2 c5 4.Ngf3 a6 5.exd5 exd5 6.Be2 c4 7.O-O Bd6 8.b3 b5 9.a4
c3 10.axb5 cxd2 11.Bxd2 Nf6 12.c4 Nbd7 13.c5 Nxc5 14.dxc5 Bxc5 15.b4 Bb6
16.bxa6 O-O 17.Bc3 Ne4 18.Bd4 Bc7 19.b5 Re8 20.Qc2 Bf5 21.Qb2 Re6 22.Rfc1 Rb6
23.Rxc7 Qxc7 24.Bxb6 Qxb6 25.Qd4 Nc5 26.Rc1 Rc8 27.Qxd5 Be6 28.Qd4 h6 29.Ne5
Kh7 30.h3 g6 31.Rc3 Qc7 32.Nd3 Nb3 33.Rxc7 Nxd4 34.Rxc8 Nxe2+ 35.Kf1 Bxc8
36.Kxe2 {#r} 1-0

[Event "It"]
[Site "masterchessopen.com Sagua la Grande (Cuba)"]
[Round "3"]
[White "Martin Del Campo Roberto (MEX)"]
[Black "Guevara Martin (NCA)"]
[Result "1-0"]
[WhiteElo "2455"]
[BlackElo "2204"]

1.e4 e6 2.d4 d5 3.Nd2 c5 4.Ngf3 a6 5.exd5 exd5 6.Be2 Nc6 7.O-O Bd6 8.dxc5 Bxc5
9.Nb3 Bb6 10.c3 Nge7 11.Nfd4 O-O 12.Re1 Nxd4 13.Nxd4 Nf5 14.Nxf5 Bxf5 15.Bd3
Be4 16.Be3 Re8 17.Bf1 Re6 18.Qd2 Bxe3 19.Rxe3 Qb6 20.Rd1 Rae8 21.Rg3 h6 22.h3
Re5 23.Qd4 Qxd4 24.cxd4 R5e7 25.Rc3 Bf5 26.g4 Bg6 27.Rcc1 h5 28.Kh2 Kh7 29.Kg3
hxg4 30.hxg4 Rd7 31.a4 f6 32.a5 Be4 33.Rc5 g5 34.Rdc1 Kg7 35.b4 Ree7 36.Be2
Kf7 37.b5 axb5 38.Bxb5 Rd6 39.Rc7 Re6 40.Bd7 Rd6 41.Bc8 Bd3 42.Bxb7 Ba6
43.R7c6 Rxc6 44.Bxc6 Bc4 45.Rb1 Ke6 46.Bb7 {#r} 1-0

[Event "It"]
[Site "masterchessopen.com Cheliabinsk (Russia)"]
[Round "0"]
[White "Dvoirys Semen I (RUS)"]
[Black "Atalik Suat (BIH)"]
[Result "1-0"]
[WhiteElo "2515"]
[BlackElo "2455"]

1.e4 e6 2.d4 d5 3.Nd2 c5 4.exd5 exd5 5.Ngf3 a6 6.Be2 cxd4 7.Nxd4 Bd6 8.c4 Ne7
9.cxd5 Nxd5 10.O-O O-O 11.Ne4 Nc6 12.Nxc6 bxc6 13.Nxd6 Qxd6 14.Bf3 Bf5 15.Qd4
Rab8 16.b3 Qg6 17.Ba3 Rfe8 18.Rfe1 h5 19.g3 Bg4 20.Bg2 Be2 21.Rac1 Re6 22.Bb2
Rbe8 23.Bh3 Bg4 24.Rxe6 Rxe6 25.Bg2 Bf5 26.h3 Kh7 27.b4 f6 28.a4 Ne7 29.Rc5
Re1+ 30.Kh2 Qf7 31.Bc3 Re2 32.Bf3 Ra2 33.b5 axb5 34.axb5 cxb5 35.Rxb5 Qe6
36.Bd2 Bg6 37.Bxh5 Nf5 38.Bxg6+ Kxg6 39.Qg4+ Kf7 40.Qh5+ Ke7 41.Bb4+ Nd6
42.Bxd6+ Qxd6 43.Rb7+ Ke6 44.Qf7+ {#r} 1-0

[Event "It"]
[Site "masterchessopen.com Santiago (Chile)"]
[Round "8"]
[White "Labra Martin (CHI)"]
[Black "Peralta Eduardo (PAR)"]
[Result "0-1"]
[WhiteElo "1978"]
[BlackElo "2228"]

1.e4 e6 2.d4 d5 3.Nd2 c5 4.exd5 exd5 5.Ngf3 a6 6.Be2 Nc6 7.dxc5 Bxc5 8.Nb3 Ba7
9.O-O Nf6 10.Bg5 O-O 11.c3 Re8 12.h3 Qd6 13.Bxf6 Qxf6 14.Qd2 Bf5 15.Rae1 h6
16.Bd1 Be4 17.Nfd4 Ne5 18.f4 Nc4 19.Qf2 a5 20.Nc1 Rad8 21.Kh2 Nd6 22.Qd2 Bb8
23.g3 g6 24.Ba4 Re7 25.Re2 h5 26.h4 Kg7 27.Rfe1 Nc4 28.Qd1 Bxf4 29.Kh3 Bb8
30.Nd3 Ne5 31.Nf4 Ng4 32.Rf1 Qd6 33.Qe1 Qc7 34.Bb3 Qc8 35.Rxe4 Rxe4 36.Qc1
Ne3+ 37.Kh2 Nxf1+ 38.Qxf1 Bxf4 39.gxf4 Qg4 {#R} 0-1

[Event "It"]
[Site "masterchessopen.com Bischwiller (France)"]
[Round "3"]
[White "Peter Sebastien (FRA)"]
[Black "Vallin Guillaume (FRA)"]
[Result "0-1"]
[WhiteElo "2225"]
[BlackElo "2315"]

1.e4 e6 2.d4 d5 3.Nd2 c5 4.exd5 exd5 5.Ngf3 a6 6.dxc5 Bxc5 7.Nb3 Bb6 8.Be2 Nf6
9.O-O O-O 10.Bg5 h6 11.Bh4 g5 12.Bg3 Ne4 13.c4 dxc4 14.Qxd8 Rxd8 15.Bxc4 Nxg3
16.hxg3 Nc6 17.Rfe1 Bg4 18.Ne5 Nxe5 19.Rxe5 Rac8 20.Be2 Be6 21.Bf3 Rc2 22.Bxb7
Bxf2+ 23.Kh2 Rxb2 24.Bxa6 Ra8 25.Bb7 Ra7 {#R} 0-1

[Event "It"]
[Site "masterchessopen.com Elgoibar (Spain)"]
[Round "2"]
[White "Campora Daniel H (ARG)"]
[Black "Del Rio Angelis Salvador G (ESP)"]
[Result "1-0"]
[WhiteElo "2526"]
[BlackElo "2467"]

1.e4 e6 2.d4 d5 3.Nd2 a6 4.Ngf3 c5 5.exd5 exd5 6.Qe2+ Be7 7.dxc5 Nf6 8.Nb3 O-O
9.Be3 Re8 10.Qd3 a5 11.a4 b6 12.cxb6 Ba6 13.Qd1 Qxb6 14.Bxa6 Qxa6 15.Qe2 Ng4
16.Qxa6 Rxa6 17.O-O-O Rd8 18.Rhe1 f6 19.Bc5 Bxc5 20.Nxc5 Ra7 21.h3 {#r} 1-0

[Event "It"]
[Site "masterchessopen.com Coulsdon (England)"]
[Date "2007.04.02"]
[Round "5"]
[White "Naylor John (ENG)"]
[Black "Stark Lars (GER)"]
[Result "0-1"]
[WhiteElo "2214"]
[BlackElo "2434"]

1.e4 e6 2.d4 d5 3.Nd2 a6 4.Ngf3 c5 5.exd5 exd5 6.Be2 c4 7.O-O Bd6 8.Re1 Ne7
9.c3 Nbc6 10.Bf1 f6 11.g3 O-O 12.a4 Bg4 13.h3 Bh5 14.Bg2 Re8 15.Nf1 Na5 16.Be3
Nb3 17.Ra2 Qc7 18.g4 Bf7 19.N1d2 Nxd2 20.Bxd2 Ng6 21.Rxe8+ Rxe8 22.b3 Bf4
23.Rb2 Re7 24.Bf1 Qc6 25.Nh4 Nxh4 {#R} 0-1

[Event "It \"]
[Site "masterchessopen.com Novi Sad (Serbia)"]
[Date "2009.11.13"]
[Round "1"]
[White "Solak Dragan (SRB)"]
[Black "Kosic Dragan (MNE)"]
[Result "0-1"]
[WhiteElo "2588"]
[BlackElo "2488"]

1.e4 e6 2.d4 d5 3.Nd2 a6 4.Ngf3 c5 5.exd5 exd5 6.Be2 c4 7.O-O Bd6 8.b3 cxb3
9.c4 Ne7 10.Qxb3 Nbc6 11.cxd5 Na5 12.Qb1 Nxd5 13.Bd3 h6 14.Re1+ Be7 15.Nc4 O-O
16.Bd2 Nc6 17.Nce5 Bd6 18.Bc4 Nce7 19.Qb3 Bc7 20.Bb4 Nxb4 21.Bxf7+ Kh7 22.Qxb4
Ba5 23.Qb3 Bxe1 24.Rxe1 Qd6 25.Nh4 Qf6 26.Qb1+ Nf5 27.Bg6+ Kg8 28.Nhf3 Be6
29.Bxf5 Qxf5 30.Qxb7 Bxa2 31.Nc6 Kh7 32.Ne7 Qc2 33.d5 Rab8 34.Qd7 Rf6 35.Qh3
Rb1 36.Qg4 Rxf3 37.Qxf3 Rxe1# 0-1